Qvaestionvm Et Commentariorvm In Organon Aristotelis In Qva Et Textvs Graecvs Integer quaestionibus accomodatus est, & tùm verborum tùm sententiae habita ratione In Latinam Lingvam Conversus: praeceptorum verò artis differendi Aristotelicorum Vsvs, Exemplis Philosophicis, Oratorijs & Poëticis commonstratus. Industria [et] studio Gvilielmi Hildenii

Bibliographic Details
Main Author: Aristoteles, 384 pred Kr.-322 pred Kr (Author)
Corporate Author: Hilden, Wilhelm (Berlin, Nemecko) (Printer)
Other Authors: Maior, Johannes aus Joachimsthal, 1533-1600 (Contributor), Hilden, Wilhelm, 1551-1587 (Dedicator, Printer)
Format: Book
Language:Latin
PhysicalDescription:[8], 342 strán 4° 24 × 20 cm
Published: Berlini Svmptibvs Ac Typis Avtoris Anno reparatae salutis humanae M. D. LXXXV. [=1585]
Subjects:

MARC

LEADER 00000nam a2200000 a 4500
001 vtls001515953
003 SK-MaSNL
005 20260426014612.0
008 251112s1585 gw f 010 0 lat
015 |a SNBHFA1585 
035 |a 13628Sk 
035 |a urn:nbn:sk:snk-am3iw82 
035 |a 1BE7165D-D370-4CD1-896D-C299F89A05F1 
035 |a urn:nbn:sk:snk-am00g6hl 
040 |a SNKHF  |b slo  |c SNK  |e AACR2 
041 0 |a lat 
044 |a gw  |c DE 
072 7 |a 101  |x Filozofia  |2 konspekt 
080 |a 17  |2 2011 
080 |a (048.34)  |2 2011 
080 |a 2‑273  |2 2011 
100 0 |a Aristoteles,  |d 384 pred Kr.-322 pred Kr  |4 aut  |9 186400 
245 1 0 |a Qvaestionvm Et Commentariorvm In Organon Aristotelis  |b In Qva Et Textvs Graecvs Integer quaestionibus accomodatus est, & tùm verborum tùm sententiae habita ratione In Latinam Lingvam Conversus: praeceptorum verò artis differendi Aristotelicorum Vsvs, Exemplis Philosophicis, Oratorijs & Poëticis commonstratus. Industria [et] studio Gvilielmi Hildenii 
260 |a Berlini  |b Svmptibvs Ac Typis Avtoris  |c Anno reparatae salutis humanae M. D. LXXXV. [=1585] 
300 |a [8], 342 strán  |c 4°  |c 24 × 20 cm 
500 |a Iniciálky s ornamentálno-figurálnym pozadím v rámčeku a vo voľnom priestore na 7 - 9, 12 riadkov, titulný list v drevorezovom ráme s ornamentálnou a figurálnou výzdobou 
501 |a Príväzok 1.: ARISTOTELES. Qvaestionvm Et Commentariorvm In Organon Aristotelis Pars Altera. Berlini: Typis Et Impensis Avtoris, 1585.  |5 SNKIC 144771/prív.1 
501 |a Príväzok 2.: ARISTOTELES. Qvaestionvm Et Commentariorvm In Organon Aristotelis Pars Tertia. Berlini: Typis Et Impensis Avtoris, 1585.  |5 SNKIC 144771/prív.2 
504 |a Kustody 
508 |a Dedikácia: Hilden, Wilhelm; Rudolf II. - cisár Svätej ríše rímskej; Príležitostné básne: Maior, Johannes aus Joachimsthal 
510 0 |a VD 16 A/3525 
546 |a Latinčina  |b Antiqua  |b Kurzíva 
546 |a Gréčtina  |b Antiqua 
561 |a Z knižnice františkánov Skalica.  |5 SNKIC 144771 
562 |a Rukopisné poznámky a marginálie v latinčine.; Rukopisné exlibrisy: Emptus Varadini fl 2 Э 50. Anno Domini 1596. - Domus Podolinensis P. Mris Dej Scholar piar proprijs expensis. - Ex libris M. Miholecz. - [...] Paulo Gyarmathio  |5 SNKIC 144771 
563 |a Väzba: tmavožltá koža s ornamentálno-figurálnou výzdobou a stopy po dvoch kovových sponách.  |5 SNKIC 144771 
650 0 7 |a filozofia  |2 SNKPH  |9 793 
650 0 7 |a argumenty  |2 SNKPH  |9 21134 
650 0 7 |a antická literatúra  |2 SNKPH  |9 92203 
655 7 |a komentáre  |2 SNKPH  |9 70412 
700 0 |a Rudolf  |b II.,  |c cisár Svätej ríše rímskej,  |d 1552-1612  |4 hnr  |9 158465 
700 1 |a Maior, Johannes aus Joachimsthal,  |d 1533-1600  |4 ctb  |9 53970 
700 1 |a Gyrmathi, Pál  |4 fmo  |9 738771 
700 1 |a Miholecz, M.  |4 fmo  |9 72419 
700 1 |a Hilden, Wilhelm,  |d 1551-1587  |4 dto  |4 prt  |9 128253 
710 0 |a Hilden, Wilhelm (Berlin, Nemecko)  |4 prt  |9 563504 
710 0 |a Františkáni (Skalica, Slovensko)  |4 fmo  |9 305294 
752 |a Nemecko  |d Berlín 
852 |a snk  |b Františkáni Skalica  |p IC 144771 
958 |a ONDV 
958 |a DA 
999 |c 1162653  |d 1164583 
952 |t Fr Sk 13 628  |a SNK  |b SNK  |c SNK_HF  |y PREZ  |7 0  |p 17A1356195  |o snkIC 144771  |i snk2019/18371  |8 5  |z Kniha má dva príväzky  |0 0  |1 0  |4 0  |d 2005-04-05  |f 1  |l 0  |r 2005-04-05 00:00:00  |w 2026-02-24